[Event "2nd Washington Int"]
[Site "Rockville USA"]
[Date "2013.08.09"]
[Round "7.10"]
[White "Abreu Delgado, Aryam"]
[Black "Piasetski, Leon"]
[Result "1-0"]
[WhiteTitle "GM"]
[BlackTitle "IM"]
[WhiteElo "2483"]
[BlackElo "2286"]
[WhiteFideId "3502589"]
[BlackFideId "2600072"]
[EventDate "2013.08.06"]

1. e4 c5 2. Nf3 Nc6 3. d4 cxd4 4. Nxd4 g6 5. Nc3 Bg7 6. Be3 Nf6 7. Bc4 O-O 8.
Bb3 d6 9. f3 Bd7 10. Qd2 Rc8 11. O-O-O h5 12. Kb1 Kh7 13. h4 Ne5 14. Bg5 Rc5 15.
g4 Nxf3 16. Nxf3 Bxg4 17. Rdf1 b5 18. Be3 b4 19. Nd5 Nxe4 20. Qxb4 Ng3 21. Ng5+
Kh8 22. Bxc5 dxc5 23. Qxc5 e6 24. Nxf7+ Rxf7 25. Rxf7 Nxh1 26. Qxa7 Qxh4 27. a4
Qe1+ 28. Ka2 Qe5 29. Nf6 1-0

[Event "2nd Washington Int"]
[Site "Rockville USA"]
[Date "2013.08.09"]
[Round "7.11"]
[White "Wang, Kevin"]
[Black "Troff, Kayden W"]
[Result "0-1"]
[BlackTitle "IM"]
[WhiteElo "2321"]
[BlackElo "2428"]
[WhiteFideId "2008424"]
[BlackFideId "2047896"]
[EventDate "2013.08.06"]

1. e4 c5 2. c3 d5 3. exd5 Qxd5 4. d4 Nc6 5. Nf3 Bf5 6. Be3 Nf6 7. dxc5 Qxd1+ 8.
Kxd1 O-O-O+ 9. Ke1 Nd5 10. Bb5 f6 11. Bxc6 bxc6 12. Nd4 Bd7 13. b4 e5 14. Nb3
Be7 15. Bd2 Rhe8 16. Na3 Bf5 17. Rd1 Bf8 18. f3 g5 19. Kf2 g4 20. c4 Nc7 21. Na5
gxf3 22. gxf3 Rd3 23. Bc1 Na6 24. Rxd3 Bxd3 25. Bd2 Kc7 26. Nb1 Rb8 27. a3 Nxc5
28. Be3 Nb7 29. Rd1 Nxa5 30. Rxd3 Nxc4 31. Bxa7 Rb7 32. Rc3 Nb2 33. Rb3 Na4 34.
Be3 c5 35. Nd2 cxb4 36. axb4 Bxb4 37. Ke2 Bxd2 38. Rxb7+ Kxb7 39. Bxd2 Kc6 40.
Kf2 Kd5 41. Kg3 Nc5 42. Kg4 Nb3 43. Be3 Nd4 44. f4 Ke4 45. Bc1 f5+ 0-1

[Event "2nd Washington Int"]
[Site "Rockville USA"]
[Date "2013.08.09"]
[Round "7.12"]
[White "Enkhbat, Tegshsuren"]
[Black "Thavandiran, Shiyam"]
[Result "1-0"]
[WhiteTitle "IM"]
[BlackTitle "FM"]
[WhiteElo "2417"]
[BlackElo "2357"]
[WhiteFideId "4900251"]
[BlackFideId "2605058"]
[EventDate "2013.08.06"]

1. d4 e6 2. c4 Nf6 3. g3 d5 4. Nf3 dxc4 5. Bg2 c5 6. O-O Nc6 7. Ne5 Nd5 8. Nxc6
bxc6 9. Na3 cxd4 10. Qxd4 Qb6 11. Qxc4 Bxa3 12. bxa3 O-O 13. Rd1 Ba6 14. Qc2 f5
15. Bb2 Qb5 16. e4 fxe4 17. Bxe4 h6 18. Bh7+ Kh8 19. Bxg7+ Kxg7 20. Qg6+ Kh8 21.
Qxh6 Qb7 22. Bf5+ Kg8 23. Bxe6+ Rf7 24. Rd4 Be2 25. Rh4 1-0

[Event "2nd Washington Int"]
[Site "Rockville USA"]
[Date "2013.08.09"]
[Round "7.13"]
[White "Li, Ruifeng"]
[Black "Sevian, Samuel"]
[Result "0-1"]
[WhiteTitle "CM"]
[BlackTitle "FM"]
[WhiteElo "2246"]
[BlackElo "2388"]
[WhiteFideId "2061074"]
[BlackFideId "2040506"]
[EventDate "2013.08.06"]

1. e4 e5 2. Nf3 Nc6 3. Bb5 a6 4. Ba4 Nf6 5. O-O Be7 6. Re1 b5 7. Bb3 O-O 8. h3
Bb7 9. d3 d5 10. exd5 Nxd5 11. Nxe5 Nxe5 12. Rxe5 Qd6 13. Re1 c5 14. Nd2 Rae8
15. Nf3 Bd8 16. Nh2 Bc7 17. Nf1 Nb6 18. Rxe8 Rxe8 19. c3 Qg6 20. f3 Bc8 21. Kf2
Bf5 22. Be3 Bxd3 23. Bxc5 Re2+ 24. Qxe2 Bxe2 25. Kxe2 Qxg2+ 26. Bf2 Nc4 27. Bxc4
Bb6 28. Ne3 Bxe3 29. Kxe3 bxc4 30. h4 Qg6 31. Rd1 Qe6+ 32. Kf4 f6 33. Rd4 Qe5+
34. Kg4 h5+ 35. Kh3 Qe2 36. Kg3 Qxb2 37. Rxc4 Qxa2 38. Rc8+ Kf7 39. Rc7+ Kg6 40.
c4 a5 41. c5 a4 42. Ra7 Qc4 43. Ra5 f5 44. Ra7 f4+ 45. Kg2 Kf6 46. Rb7 a3 47.
Ra7 a2 48. c6 Ke6 49. c7 Kd7 50. Bb6 Qe2+ 51. Kh1 Qe1+ 52. Kg2 a1=Q 0-1

[Event "2nd Washington Int"]
[Site "Rockville USA"]
[Date "2013.08.09"]
[Round "7.17"]
[White "Adithya, B."]
[Black "Paikidze, Nazi"]
[Result "1-0"]
[BlackTitle "IM"]
[WhiteElo "2311"]
[BlackElo "2377"]
[WhiteFideId "5020506"]
[BlackFideId "13603620"]
[EventDate "2013.08.06"]

1. Nf3 Nf6 2. g3 b6 3. Bg2 Bb7 4. d3 d5 5. Nbd2 e6 6. O-O g6 7. e4 Bg7 8. Re1
O-O 9. e5 Nfd7 10. Nf1 c5 11. h4 Nc6 12. Bf4 f6 13. exf6 Qxf6 14. Ng5 Nd8 15.
Qg4 h5 16. Qh3 Re8 17. c4 Qf5 18. Qh1 Qxd3 19. cxd5 e5 20. Be4 Qd4 21. Be3 Qb4
22. Bxg6 Rf8 23. Bxh5 e4 24. Bg6 Bxd5 25. Rad1 Nf6 26. Qh3 Bxa2 27. h5 Bh6 28.
Nxe4 Be6 29. Nxf6+ Rxf6 30. Qg2 Bxe3 31. Nxe3 1-0

[Event "2nd Washington Int"]
[Site "Rockville USA"]
[Date "2013.08.09"]
[Round "7.18"]
[White "Barron, Michael"]
[Black "Kahn, Aaron E"]
[Result "1-0"]
[WhiteTitle "FM"]
[WhiteElo "2177"]
[BlackElo "2266"]
[WhiteFideId "2605120"]
[BlackFideId "2025701"]
[EventDate "2013.08.06"]

1. e4 e6 2. d4 d5 3. Nd2 Nf6 4. e5 Nfd7 5. f4 c5 6. Ngf3 Nc6 7. c3 Be7 8. Be2
O-O 9. O-O f6 10. Nb3 a5 11. Be3 cxd4 12. Nbxd4 Bc5 13. Bf2 Qe7 14. Bh4 Qe8 15.
exf6 Nxf6 16. Kh1 Ne4 17. Ng5 Nxd4 18. cxd4 Be7 19. Nxe4 Bxh4 20. Nc5 Bf6 21. a4
b6 22. Bb5 Qe7 23. Nb3 Bd7 24. Qd3 Bxb5 25. Qxb5 Qb4 26. Qxb4 axb4 27. Rfc1 Rfc8
28. g3 Rc4 29. Kg2 Rac8 30. Kf3 Kf7 31. Ke3 g5 32. Rxc4 Rxc4 33. Kd3 gxf4 34.
gxf4 Kg6 35. Rc1 Rxc1 36. Nxc1 Kf5 37. Ke3 Kg4 38. Nd3 b3 39. Nf2+ Kh5 40. Nd3
Kh4 41. Nf2 Be7 42. Kf3 Bb4 43. Nd3 Bd2 44. Ke2 Ba5 45. Nc1 Kg4 46. Nxb3 Bb4 47.
Nc1 Kh3 48. Nd3 Bd6 49. Kf3 h5 50. b4 Kxh2 51. a5 bxa5 52. bxa5 Bc7 53. a6 Bb6
54. Nc5 1-0

[Event "2nd Washington Int"]
[Site "Rockville USA"]
[Date "2013.08.09"]
[Round "7.19"]
[White "Harmon-Vellotti, Luke"]
[Black "Shetty, Atulya"]
[Result "1/2-1/2"]
[WhiteTitle "FM"]
[BlackTitle "FM"]
[WhiteElo "2399"]
[BlackElo "2341"]
[WhiteFideId "2030012"]
[BlackFideId "2031213"]
[EventDate "2013.08.06"]

1. d4 d5 2. c4 c6 3. Nc3 Nf6 4. Nf3 a6 5. e3 e6 6. b3 Bb4 7. Bd2 Nbd7 8. Bd3 O-O
9. O-O Bd6 10. Qc2 e5 11. dxe5 Nxe5 12. Nxe5 Bxe5 13. cxd5 cxd5 14. Rad1 Bg4 15.
f3 Bh5 16. Ne2 Rc8 17. Qb1 Bg6 18. Bxg6 hxg6 19. Qd3 Re8 20. Rc1 Qd7 21. Rfd1 g5
22. Rxc8 Qxc8 23. h3 Qe6 24. Kf2 Rc8 25. Rc1 Rc6 26. Rxc6 Qxc6 27. Bc3 Qd6 28.
Bxe5 Qxe5 29. Qc3 Qf5 30. Qc1 Qd7 31. Nd4 Ne8 32. Qc5 Nc7 33. Nf5 Qxf5 34. Qxc7
Qb1 35. Qc8+ Kh7 36. Qxb7 Qxa2+ 37. Kg3 Qd2 38. Qxf7 Qe1+ 39. Kh2 Qxe3 40. Qxd5
Qf4+ 41. g3 Qc1 42. h4 gxh4 43. gxh4 Qf1 44. Qe4+ Kg8 45. Qe3 Qb5 46. Kg3 Qf1
47. Kf4 Qh1 48. Qe8+ Kh7 49. Qe4+ Kh8 50. Ke5 Qh2+ 51. Ke6 Qb8 52. Qc4 Qe8+ 53.
Kd5 Qh5+ 54. Kc6 Qxf3+ 55. Kb6 Qf6+ 56. Ka7 a5 57. h5 Kh7 58. Qb5 Kh6 59. Qb7 1/2-1/2

[Event "2nd Washington Int"]
[Site "Rockville USA"]
[Date "2013.08.09"]
[Round "7.20"]
[White "Martin Del Campo C., Roberto"]
[Black "Kaufman, Larry C"]
[Result "1/2-1/2"]
[WhiteTitle "IM"]
[BlackTitle "GM"]
[WhiteElo "2386"]
[BlackElo "2332"]
[WhiteFideId "5100046"]
[BlackFideId "2000555"]
[EventDate "2013.08.06"]

1. e4 e6 2. d4 d5 3. e5 c5 4. c3 Nc6 5. Nf3 Bd7 6. Bd3 Rc8 7. a3 cxd4 8. cxd4
Qb6 9. Bc2 f6 10. O-O fxe5 11. dxe5 g6 12. Nc3 Nge7 13. Be3 Qxb2 14. Na4 Qb5 15.
Rb1 Qa5 16. Rxb7 Nf5 17. Bxf5 exf5 18. e6 Bxe6 19. Bd4 Qa6 20. Re1 Qxb7 21.
Rxe6+ Kf7 22. Rxc6 Rxc6 23. Bxh8 Qb3 24. Qa1 Qxa4 25. Ne5+ Kg8 26. Nxc6 Qxc6 27.
g3 Qc4 28. a4 a6 29. Bd4 Qe2 30. Qc1 Qe4 31. Qc3 f4 32. h4 fxg3 33. fxg3 Qe2 34.
a5 Qc4 35. Qe3 Qc6 36. Qe5 Qc1+ 37. Kg2 Qb1 38. Kh2 Qc2+ 39. Kg1 Qb1+ 40. Kh2
Qc2+ 1/2-1/2

[Event "2nd Washington Int"]
[Site "Rockville USA"]
[Date "2013.08.09"]
[Round "7.22"]
[White "Uesugi, Shinsaku"]
[Black "Chevannes, Sabrina L"]
[Result "1/2-1/2"]
[WhiteTitle "FM"]
[BlackTitle "WFM"]
[WhiteElo "2292"]
[BlackElo "2160"]
[WhiteFideId "2024578"]
[BlackFideId "411280"]
[EventDate "2013.08.06"]

1. e4 c6 2. d4 d5 3. exd5 cxd5 4. c4 Nf6 5. Nc3 Be6 6. Nge2 dxc4 7. Nf4 Qc8 8.
Nxe6 Qxe6+ 9. Be3 Qa6 10. b3 Qa5 11. Bd2 e6 12. Bxc4 Bb4 13. Qf3 Nc6 14. O-O O-O
15. a3 Be7 16. Rfd1 Qd8 17. Bf4 Na5 18. d5 Nxc4 19. bxc4 exd5 20. cxd5 Bd6 21.
Bg5 Be5 22. Rab1 Bxc3 23. Qxc3 Ne4 24. Bxd8 Nxc3 25. Be7 Nxd1 26. Rxd1 Rfe8 27.
d6 f6 28. d7 Rxe7 29. d8=Q+ Rxd8 30. Rxd8+ Kf7 31. Kf1 Kg6 32. Rd5 a6 33. a4 Kf7
34. Rd6 g6 35. g3 f5 36. h4 Re4 1/2-1/2

[Event "2nd Washington Int"]
[Site "Rockville USA"]
[Date "2013.08.10"]
[Round "8.1"]
[White "Mulyar, Michael A."]
[Black "Ludwig, Daniel"]
[Result "1/2-1/2"]
[WhiteTitle "IM"]
[BlackTitle "IM"]
[WhiteElo "2389"]
[BlackElo "2479"]
[WhiteFideId "2008742"]
[BlackFideId "2024322"]
[EventDate "2013.08.06"]

1. d4 Nf6 2. c4 g6 3. Nc3 Bg7 4. e4 d6 5. Be2 O-O 6. Nf3 Na6 7. O-O e5 8. Re1
Qe8 9. Bf1 Bg4 10. dxe5 dxe5 11. h3 Rd8 12. Nd5 Bc8 13. Bg5 Qe6 14. Qc1 c6 15.
Nxf6+ Bxf6 16. Bxf6 Qxf6 17. Qc3 Rfe8 18. c5 b6 19. Bxa6 Bxa6 20. Rad1 Rxd1 21.
Rxd1 bxc5 22. Qxc5 1/2-1/2

[Event "2nd Washington Int"]
[Site "Rockville USA"]
[Date "2013.08.10"]
[Round "8.2"]
[White "Sundararajan, Kidambi"]
[Black "Quesada Perez, Yuniesky"]
[Result "0-1"]
[WhiteTitle "GM"]
[BlackTitle "GM"]
[WhiteElo "2458"]
[BlackElo "2636"]
[WhiteFideId "5005370"]
[BlackFideId "3504409"]
[EventDate "2013.08.06"]

1. Nf3 Nf6 2. g3 b6 3. Bg2 Bb7 4. O-O e6 5. d3 d5 6. e4 dxe4 7. Ng5 h6 8. Nxe4
Nxe4 9. dxe4 Qxd1 10. Rxd1 Nd7 11. a4 O-O-O 12. a5 Bc5 13. Nc3 Ne5 14. axb6 axb6
15. h3 Nc6 16. Bd2 Rd7 17. Be1 Nd4 18. Rd2 Rhd8 19. Kf1 Nb3 20. Rxd7 Nxa1 21.
Rxd8+ Kxd8 22. Na4 Ba6+ 23. Kg1 Bf8 24. f4 Nxc2 25. Bf2 Nb4 26. Bf1 Bd3 27. e5
Bc2 28. Nc3 Nd3 29. Bxd3 Bxd3 30. Be3 Kd7 31. Kf2 b5 32. Ke1 b4 33. Nd1 Kc6 34.
Nf2 Bc4 35. Kd2 Kd5 36. Ba7 Bb3 37. Bb8 Kc6 38. Ba7 Bd5 39. Be3 Kb5 40. g4 c5
41. f5 c4 42. h4 Ka4 43. h5 exf5 44. gxf5 Bf3 45. e6 fxe6 46. fxe6 Bd5 47. e7
Bxe7 48. Bd4 Bg5+ 49. Kc2 Bf6 50. Bxf6 gxf6 51. Ng4 f5 52. Nxh6 Be6 0-1

[Event "2nd Washington Int"]
[Site "Rockville USA"]
[Date "2013.08.10"]
[Round "8.4"]
[White "Troff, Kayden W"]
[Black "Corrales Jimenez, Fidel"]
[Result "1/2-1/2"]
[WhiteTitle "IM"]
[WhiteElo "2428"]
[BlackElo "2598"]
[WhiteFideId "2047896"]
[BlackFideId "3506690"]
[EventDate "2013.08.06"]

1. d4 d5 2. c4 c6 3. Nf3 Nf6 4. e3 e6 5. Bd3 Nbd7 6. Nbd2 Bd6 7. O-O O-O 8. e4
dxe4 9. Nxe4 Nxe4 10. Bxe4 h6 11. Bc2 e5 12. Re1 exd4 13. Qxd4 Bc5 14. Qf4 Nf6
15. Be3 Qb6 16. Bxc5 Qxc5 17. Qd4 Qxd4 18. Nxd4 Bd7 19. b4 Rfd8 20. Bf5 Bxf5 21.
Nxf5 g6 22. Ne3 a5 23. b5 a4 24. h3 Rd2 25. Red1 Rad8 26. Kf1 R8d3 27. Ke1 Rxd1+
28. Nxd1 Ne4 29. Rc1 Nd6 30. bxc6 bxc6 31. Rc3 Rd4 32. Nb2 Kf8 33. Nxa4 Nxc4 34.
Nc5 Nb6 35. Nb3 Re4+ 36. Kd2 Ra4 37. Rxc6 Rxa2+ 38. Rc2 Ra3 39. Nc5 Nd5 40. g3
Kg7 41. Ke2 h5 42. Rd2 Nc3+ 43. Kf3 Ra5 44. Nb3 Rf5+ 45. Kg2 h4 46. Nd4 Rh5 47.
Ne2 Nxe2 48. Rxe2 hxg3 1/2-1/2

[Event "2nd Washington Int"]
[Site "Rockville USA"]
[Date "2013.08.10"]
[Round "8.5"]
[White "Sevian, Samuel"]
[Black "Chirila, Ioan-Cristian"]
[Result "0-1"]
[WhiteTitle "FM"]
[BlackTitle "GM"]
[WhiteElo "2388"]
[BlackElo "2520"]
[WhiteFideId "2040506"]
[BlackFideId "1211668"]
[EventDate "2013.08.06"]

1. e4 e5 2. Nf3 Nc6 3. Bb5 a6 4. Ba4 Nf6 5. O-O Be7 6. d3 b5 7. Bb3 d6 8. c3 O-O
9. Nbd2 Na5 10. Bc2 c5 11. Re1 Qc7 12. Nf1 h6 13. Ng3 Nc6 14. h3 Re8 15. Nh4 Be6
16. Nhf5 Bf8 17. Qf3 Nh7 18. h4 b4 19. Bd2 bxc3 20. bxc3 Rab8 21. Ba4 Rec8 22.
h5 Rb2 23. Bc1 Rb7 24. Be3 Qa5 25. Bxc6 Rxc6 26. d4 cxd4 27. cxd4 Rc2 28. d5 Bd7
29. Rab1 Rcb2 30. Rbc1 Qxa2 31. Qg4 Kh8 32. Qh4 f6 33. Qg4 Ng5 34. Ra1 Qc4 35.
Rac1 Qd3 36. Red1 Qb3 37. Ra1 Qb5 38. Rdc1 a5 39. Bxg5 fxg5 40. Qf3 Kg8 41. Ne3
a4 42. Ngf5 Rb3 43. Qd1 a3 44. Qc2 Rb2 45. Qc3 Qe2 46. Rxa3 Qxf2+ 47. Kh1 Bxf5
48. exf5 R7b4 0-1

[Event "2nd Washington Int"]
[Site "Rockville USA"]
[Date "2013.08.10"]
[Round "8.6"]
[White "Molner, Mackenzie"]
[Black "Hunt, Adam C"]
[Result "1/2-1/2"]
[WhiteTitle "IM"]
[BlackTitle "IM"]
[WhiteElo "2506"]
[BlackElo "2430"]
[WhiteFideId "2021722"]
[BlackFideId "403970"]
[EventDate "2013.08.06"]

1. Nf3 Nf6 2. c4 g6 3. Nc3 d5 4. d4 Bg7 5. Qb3 dxc4 6. Qxc4 O-O 7. e4 Na6 8. Be2
c5 9. d5 e6 10. O-O exd5 11. exd5 Bf5 12. Rd1 Re8 13. Be3 Qb6 14. d6 Be6 15. Qb5
Bd7 16. Qxb6 axb6 17. Bc4 Rad8 18. Ng5 Rf8 19. a3 Bc6 20. Rab1 h6 21. Nf3 Ne4
22. Nxe4 Bxe4 23. Bd3 Bxf3 24. gxf3 Rxd6 25. Be4 Rxd1+ 26. Rxd1 Bxb2 27. Bxb7
Nc7 28. Bxh6 Rb8 29. Be4 Ne6 30. a4 Nd4 31. Kf1 Bc3 32. Bf4 Rc8 33. Rd3 1/2-1/2

[Event "2nd Washington Int"]
[Site "Rockville USA"]
[Date "2013.08.10"]
[Round "8.8"]
[White "Yang, Darwin"]
[Black "Enkhbat, Tegshsuren"]
[Result "1-0"]
[WhiteTitle "IM"]
[BlackTitle "IM"]
[WhiteElo "2480"]
[BlackElo "2417"]
[WhiteFideId "2029111"]
[BlackFideId "4900251"]
[EventDate "2013.08.06"]

1. d4 d5 2. c4 c6 3. Nf3 Nf6 4. e3 Bf5 5. Nc3 e6 6. Nh4 Bg6 7. Nxg6 hxg6 8. Bd3
Nbd7 9. h3 Bd6 10. O-O Qe7 11. c5 Bc7 12. f4 b5 13. Bd2 a5 14. Qf3 Qd8 15. Rae1
Kf8 16. a4 b4 17. Nd1 Ng8 18. e4 dxe4 19. Bxe4 Nxc5 20. Bxc6 Rb8 21. Be3 Nd7 22.
d5 exd5 23. Bxd5 Ne7 24. Bb3 Bb6 25. Nf2 Nf6 26. Rd1 Qc7 27. Rfe1 Bxe3 28. Qxe3
Nf5 29. Rc1 Qb7 30. Qc5+ Kg8 31. Qc7 Kh7 32. Bxf7 Rhf8 33. Qxb7 Rxb7 34. Bc4 Ng3
35. Kh2 Nfh5 36. Nd3 Rd7 37. Bb5 Rd4 38. Rcd1 Rfd8 39. Nf2 Rd2 40. Nd3 Rxd1 41.
Rxd1 Ne2 42. Nf2 Rxd1 43. Nxd1 Nexf4 44. Ne3 Nf6 45. Nc4 Nd3 46. b3 Nc5 47. Nxa5
Nfe4 48. Bc4 Nd2 49. Bd5 g5 50. Nc6 1-0

[Event "2nd Washington Int"]
[Site "Rockville USA"]
[Date "2013.08.10"]
[Round "8.11"]
[White "Lenderman, Aleksandr"]
[Black "Barron, Michael"]
[Result "1-0"]
[WhiteTitle "GM"]
[BlackTitle "FM"]
[WhiteElo "2527"]
[BlackElo "2177"]
[WhiteFideId "2021285"]
[BlackFideId "2605120"]
[EventDate "2013.08.06"]

1. d4 f5 2. c4 Nf6 3. Nc3 d6 4. Nf3 g6 5. g3 Bg7 6. Bg2 O-O 7. O-O Qe8 8. Re1
Qf7 9. e4 Nxe4 10. Nxe4 fxe4 11. Rxe4 Bf5 12. Ng5 Qxc4 13. Rxe7 Bf6 14. b3 Qb5
15. a4 Qa5 16. b4 Bxg5 17. Qb3+ Kh8 18. Bxg5 Qb6 19. Bf6+ Rxf6 20. Re8+ Kg7 21.
Rg8+ Kh6 22. Qe3+ Kh5 23. Bf3+ Bg4 24. Bxg4+ Kxg4 25. Qe4+ Kg5 26. Qh4+ Kf5 27.
Qf4+ Ke6 28. Qe4+ 1-0

[Event "2nd Washington Int"]
[Site "Rockville USA"]
[Date "2013.08.10"]
[Round "8.12"]
[White "Adithya, B."]
[Black "Neimer, Vitaly"]
[Result "0-1"]
[BlackTitle "IM"]
[WhiteElo "2311"]
[BlackElo "2379"]
[WhiteFideId "5020506"]
[BlackFideId "2807017"]
[EventDate "2013.08.06"]

1. Nf3 c5 2. g3 Nc6 3. Bg2 g6 4. c4 Bg7 5. Nc3 e6 6. d4 cxd4 7. Nb5 d5 8. cxd5
exd5 9. O-O Nge7 10. Nfxd4 O-O 11. Be3 Nf5 12. Nxf5 Bxf5 13. Bc5 Bxb2 14. Nd6
Bxa1 15. Qxa1 Qa5 16. Rc1 Be6 17. Nxb7 Qb5 18. Nd6 Qxe2 19. Be3 d4 20. Bh6 Ne5
21. Re1 Qh5 22. Bxf8 Rxf8 23. Qxd4 Nf3+ 24. Bxf3 Qxf3 25. Ne4 Bh3 26. Nf6+ Kh8
27. Nh5+ f6 28. Nf4 Bc8 29. Re7 g5 30. Qxa7 Bf5 31. Qc5 Rc8 32. Rxh7+ Kg8 33.
Rc7 Rd8 34. Rg7+ Kh8 35. Rd7 Rxd7 36. Ng6+ Kg8 0-1

[Event "2nd Washington Int"]
[Site "Rockville USA"]
[Date "2013.08.10"]
[Round "8.15"]
[White "Piasetski, Leon"]
[Black "Martin Del Campo C., Roberto"]
[Result "1-0"]
[WhiteTitle "IM"]
[BlackTitle "IM"]
[WhiteElo "2286"]
[BlackElo "2386"]
[WhiteFideId "2600072"]
[BlackFideId "5100046"]
[EventDate "2013.08.06"]

1. c4 Nf6 2. Nc3 g6 3. e4 d6 4. d4 Bg7 5. h3 O-O 6. Be3 c5 7. d5 b5 8. cxb5 a6
9. a4 Qa5 10. Bd2 axb5 11. Bxb5 Ba6 12. Nge2 Bxb5 13. Nxb5 Qb6 14. Nec3 Nfd7 15.
Qe2 Rc8 16. O-O c4 17. Be3 Qa5 18. f4 Na6 19. Na7 Rxa7 20. Bxa7 Nb4 21. Nb5 Nd3
22. Bd4 Bxd4+ 23. Nxd4 Qc5 24. Qe3 Rb8 25. a5 Nxb2 26. a6 Rb3 27. Qf2 Nd3 28.
Nxb3 1-0

[Event "2nd Washington Int"]
[Site "Rockville USA"]
[Date "2013.08.10"]
[Round "8.16"]
[White "Thavandiran, Shiyam"]
[Black "Chandra, Akshat"]
[Result "1/2-1/2"]
[WhiteTitle "FM"]
[BlackTitle "FM"]
[WhiteElo "2357"]
[BlackElo "2328"]
[WhiteFideId "2605058"]
[BlackFideId "25006711"]
[EventDate "2013.08.06"]

1. Nf3 Nf6 2. c4 g6 3. Nc3 d5 4. cxd5 Nxd5 5. Qa4+ Nc6 6. Ne5 Qd6 7. Nxc6 Qxc6
8. Qxc6+ bxc6 9. g3 Be6 10. Bg2 O-O-O 11. d3 Bg7 12. Bd2 Nxc3 13. Bxc3 Bxc3+ 14.
bxc3 Kd7 15. Kd2 Rb8 16. Kc2 Rb6 17. c4 Rhb8 18. Rhb1 Rxb1 19. Rxb1 Rxb1 20.
Kxb1 Kd6 21. Kc2 c5 22. Bf3 f6 23. Kb3 Bd7 24. Kc3 h6 25. Bg2 1/2-1/2

[Event "2nd Washington Int"]
[Site "Rockville USA"]
[Date "2013.08.10"]
[Round "8.17"]
[White "Shetty, Atulya"]
[Black "Wang, Kevin"]
[Result "0-1"]
[WhiteTitle "FM"]
[WhiteElo "2341"]
[BlackElo "2321"]
[WhiteFideId "2031213"]
[BlackFideId "2008424"]
[EventDate "2013.08.06"]

1. c4 g6 2. g3 c5 3. Bg2 Bg7 4. Nc3 Nc6 5. Nf3 d6 6. O-O Bf5 7. h3 Qd7 8. Kh2 e5
9. d3 Nge7 10. Ne1 O-O 11. Nc2 Be6 12. Nd5 f5 13. Rb1 f4 14. b4 Rae8 15. b5 Nd4
16. Nxd4 fxg3+ 17. fxg3 exd4 18. Nf4 Bf7 19. e4 dxe3 20. Bxe3 b6 21. Qg4 Rd8 22.
Qxd7 Rxd7 23. a4 d5 24. Rbc1 dxc4 25. dxc4 Bd4 26. Rfe1 Nf5 27. Bxd4 Rxd4 28.
Re4 Rfd8 29. a5 Rxe4 30. Bxe4 Rd2+ 31. Ng2 Ne3 32. axb6 axb6 33. g4 Nxc4 34. Kg3
Nd6 35. Bc6 Rd3+ 36. Kf2 Kg7 37. Ra1 c4 38. Nf4 Rd2+ 39. Ke3 c3 40. Rc1 Nc4+ 41.
Kf3 c2 42. Be4 Na3 43. h4 Rd1 44. Rxc2 Nxc2 45. Bxc2 Rf1+ 46. Ke3 Bc4 47. Be4
Bxb5 48. h5 g5 49. Ne6+ Kf6 50. Nc7 Ke5 51. Bxh7 Bd7 52. Bd3 Rh1 53. Na8 Bxg4
54. Nxb6 Rh3+ 55. Kd2 Kd4 56. Bg6 Bxh5 57. Bxh5 Rxh5 58. Ke2 Rh7 59. Kf3 Rb7 60.
Nc8 Kc5 0-1

[Event "2nd Washington Int"]
[Site "Rockville USA"]
[Date "2013.08.10"]
[Round "8.18"]
[White "Kaufman, Larry C"]
[Black "Li, Ruifeng"]
[Result "1-0"]
[WhiteTitle "GM"]
[BlackTitle "CM"]
[WhiteElo "2332"]
[BlackElo "2246"]
[WhiteFideId "2000555"]
[BlackFideId "2061074"]
[EventDate "2013.08.06"]

1. d4 Nf6 2. c4 e6 3. Nf3 Bb4+ 4. Bd2 Qe7 5. g3 Bxd2+ 6. Qxd2 Ne4 7. Qc2 f5 8.
Bg2 O-O 9. O-O d5 10. Nbd2 c6 11. Ne5 Nd7 12. Ndf3 Ndf6 13. Ne1 Bd7 14. N1d3 Be8
15. b4 dxc4 16. Nxc4 Nd5 17. a3 Bh5 18. Rfe1 Qg5 19. e3 Qh6 20. Nce5 Nd6 21.
Rac1 g5 22. Nc5 Nb6 23. Qb3 Rae8 24. a4 Kh8 25. a5 Nd5 26. a6 bxa6 27. Ncd7 Ne7
28. Nxf8 Rxf8 29. Nxc6 Nec8 30. d5 exd5 31. Qxd5 Bf7 32. Qd4+ Kg8 33. Ne5 Be6
34. Rc6 Qf6 35. Rxd6 Nxd6 36. Qxd6 Rd8 37. Qc5 f4 38. exf4 gxf4 39. Nc6 Rd7 40.
Qe5 Qxe5 41. Nxe5 Rd6 42. Nc6 Kf7 43. gxf4 Kf6 44. h4 Bd7 45. Rc1 Be6 46. Nxa7
Kf5 47. Nc8 Bxc8 48. Rxc8 Kxf4 49. Rc4+ Kf5 50. Be4+ Kf4 51. Bxh7+ Kf3 52. Be4+
Kg4 53. Bg6+ 1-0

[Event "2nd Washington Int"]
[Site "Rockville USA"]
[Date "2013.08.10"]
[Round "8.19"]
[White "Paikidze, Nazi"]
[Black "Venegas Ocampo, Pablo Juan Jose"]
[Result "1-0"]
[WhiteTitle "IM"]
[BlackTitle "FM"]
[WhiteElo "2377"]
[BlackElo "2246"]
[WhiteFideId "13603620"]
[BlackFideId "5104610"]
[EventDate "2013.08.06"]

1. d4 Nf6 2. c4 e6 3. Nc3 Bb4 4. e3 b6 5. Nf3 Bb7 6. Bd3 O-O 7. O-O d5 8. cxd5
exd5 9. Qc2 Nbd7 10. a3 Be7 11. Ne5 c6 12. Bd2 Bd6 13. f4 Re8 14. Be1 Nf8 15.
Bh4 Be7 16. Rae1 Qd6 17. f5 a5 18. g4 N6d7 19. Bg3 Qh6 20. Nf3 Bg5 21. Nd1 c5
22. h4 Bd8 23. Bb5 cxd4 24. Bf4 d3 25. Qa4 Qf6 26. Bxd7 Re4 27. Qb5 Bc7 28. Bxc7
Rxg4+ 29. Kf2 d2 30. Re2 d4 31. Qxb6 Qxb6 32. Bxb6 Nxd7 33. Bxd4 Ba6 34. Rxd2
Bxf1 35. Kxf1 Nf8 36. Bc3 Rc4 37. Rg2 g6 38. h5 Rc5 39. e4 Rac8 40. e5 Rd8 41.
Nf2 f6 42. Ne4 Rxc3 43. Nxf6+ Kg7 44. bxc3 Rd3 45. Nd4 Rxc3 46. Ne6+ 1-0

[Event "2nd Washington Int"]
[Site "Rockville USA"]
[Date "2013.08.10"]
[Round "8.20"]
[White "Vibbert, Sean"]
[Black "Chevannes, Sabrina L"]
[Result "1-0"]
[BlackTitle "WFM"]
[WhiteElo "2317"]
[BlackElo "2160"]
[WhiteFideId "2030292"]
[BlackFideId "411280"]
[EventDate "2013.08.06"]

1. e4 c6 2. d4 d5 3. Nc3 dxe4 4. Nxe4 Bf5 5. Ng3 Bg6 6. Nf3 Nd7 7. h4 h6 8. h5
Bh7 9. Bd3 Bxd3 10. Qxd3 e6 11. Bf4 Qa5+ 12. Bd2 Qc7 13. c4 Ngf6 14. Ne4 O-O-O
15. O-O-O c5 16. Nxf6 Nxf6 17. Rh4 cxd4 18. Kb1 Bc5 19. Bf4 Qb6 20. Ne5 Rhf8 21.
Bh2 Nd7 22. Nxd7 Rxd7 23. Qg3 Rdd8 24. Qxg7 Rg8 25. Qxh6 Rxg2 26. Qf4 Bd6 27.
Qxf7 Bxh2 28. c5 Qc6 29. Rhxd4 Rxd4 30. Qf8+ Kc7 31. Rxd4 Rg1+ 32. Kc2 Bd6 33.
Qxd6+ Qxd6 34. cxd6+ Kd7 35. Rh4 Rg2 36. h6 Rxf2+ 37. Kd3 Rf8 38. h7 Rh8 39. Kd4
Kxd6 40. Ke4 Ke7 41. Ke5 Kf7 42. a4 a5 43. Rc4 Re8 44. Rc7+ Kg6 45. Rxb7 Kh6 46.
Re7 Rb8 47. Kxe6 1-0